New Qualitative Methodologies in Health and Social Care Research (Record no. 4728)
[ view plain ]
| 000 -LEADER | |
|---|---|
| fixed length control field | 02304cam a22003494a 4500 |
| 001 - CONTROL NUMBER | |
| control field | 13389049 |
| 003 - CONTROL NUMBER IDENTIFIER | |
| control field | OSt |
| 005 - DATE AND TIME OF LATEST TRANSACTION | |
| control field | 20210405144300.0 |
| 008 - FIXED-LENGTH DATA ELEMENTS--GENERAL INFORMATION | |
| fixed length control field | 031030s2004 enk b 001 0 eng |
| 010 ## - LIBRARY OF CONGRESS CONTROL NUMBER | |
| LC control number | 2003064876 |
| 015 ## - NATIONAL BIBLIOGRAPHY NUMBER | |
| National bibliography number | GBA4Z1257 |
| Source | bnb |
| 016 7# - NATIONAL BIBLIOGRAPHIC AGENCY CONTROL NUMBER | |
| Record control number | 101221442 |
| Source | DNLM |
| 016 7# - NATIONAL BIBLIOGRAPHIC AGENCY CONTROL NUMBER | |
| Record control number | 010980423 |
| Source | Uk |
| 020 ## - INTERNATIONAL STANDARD BOOK NUMBER | |
| International Standard Book Number | 0415305640 |
| 035 ## - SYSTEM CONTROL NUMBER | |
| System control number | (OCoLC)ocm53476735 |
| 040 ## - CATALOGING SOURCE | |
| Original cataloging agency | DLC |
| Transcribing agency | DLC |
| Modifying agency | YDX |
| -- | NLM |
| -- | PMC |
| -- | BAKER |
| -- | UKM |
| -- | DLC |
| 042 ## - AUTHENTICATION CODE | |
| Authentication code | pcc |
| 082 ## - DEWEY DECIMAL CLASSIFICATION NUMBER | |
| Classification number | W20.5 N42f 2004 |
| 100 ## - MAIN ENTRY--PERSONAL NAME | |
| Personal name | Edited by Frances, Rapport. |
| 9 (RLIN) | 13018 |
| 245 00 - TITLE STATEMENT | |
| Title | New Qualitative Methodologies in Health and Social Care Research |
| 260 ## - PUBLICATION, DISTRIBUTION, ETC. (IMPRINT) | |
| Place of publication, distribution, etc. | London ; |
| Name of publisher, distributor, etc. | Routledge, |
| Date of publication, distribution, etc. | 2004. |
| 300 ## - PHYSICAL DESCRIPTION | |
| Extent | xix, 185 p. ; |
| Dimensions | 25 cm. |
| 504 ## - BIBLIOGRAPHY, ETC. NOTE | |
| Bibliography, etc | Includes bibliographical references and index. |
| 505 0# - FORMATTED CONTENTS NOTE | |
| Formatted contents note | Introduction : Shifting sands in qualitative methodology / Frances Rapport -- Discourse analysis : addressing the communication strategies of healthcare professionals / Lesley Griffiths and Glyn Elwyn -- The turn to a narrative knowing of persons : minimalist passive interviewing technique and team analysis of narrative qualitative data / Kip Jones -- Hermeneutics and nursing research / Hugh Chadderton -- Descriptive phenomenology : life-world as evidence / Les Todres and Immy Holloway -- From the porter's point of view : participant observation by the interpretive anthropologist in the hospital / Nigel Rapport -- Imagework method and potential applications in health, social sciences and social care research : journeying with a question / Iain Edgar -- Postmodern literary poetics of experience : a new form of aesthetic enquiry / Francis C. Biley -- Historiography, illness and the interpretation of fiction / Christopher Maggs -- Methodology and practical application of the Social Action Research model / Jennie Fleming and Dave Ward. |
| 650 #0 - SUBJECT ADDED ENTRY--TOPICAL TERM | |
| Topical term or geographic name as entry element | Medical research |
| 9 (RLIN) | 10182 |
| 650 #0 - SUBJECT ADDED ENTRY--TOPICAL TERM | |
| Topical term or geographic name as entry element | Medical services |
| 9 (RLIN) | 10183 |
| 856 41 - ELECTRONIC LOCATION AND ACCESS | |
| Materials specified | Table of contents only |
| Uniform Resource Identifier | http://www.loc.gov/catdir/toc/fy0609/2003064876.html |
| 856 42 - ELECTRONIC LOCATION AND ACCESS | |
| Materials specified | Publisher description |
| Uniform Resource Identifier | http://www.loc.gov/catdir/enhancements/fy0650/2003064876-d.html |
| 906 ## - LOCAL DATA ELEMENT F, LDF (RLIN) | |
| a | 7 |
| b | cbc |
| c | orignew |
| d | 1 |
| e | ocip |
| f | 20 |
| g | y-gencatlg |
| 942 ## - ADDED ENTRY ELEMENTS (KOHA) | |
| Source of classification or shelving scheme | Other/Generic Classification Scheme |
| Koha item type | Open Shelf |
| Withdrawn status | Lost status | Source of classification or shelving scheme | Damaged status | Not for loan | Home library | Current library | Date acquired | Source of acquisition | Inventory number | Total Checkouts | Full call number | Barcode | Date last seen | Koha item type |
|---|---|---|---|---|---|---|---|---|---|---|---|---|---|---|
| Other/Generic Classification Scheme | MUST Main Library | MUST Main Library | 13/07/2016 | Purchase | 05/23334 | W20.5 N42F 2004 | 2016-3152 | 13/07/2016 | Open Shelf |
